Statistics for Vanuatu Country Quiz

Click here to take the quiz!

General Stats

  • This quiz has been taken 1,878 times
    (1,840 since last reset)
  • The average score is 12 of 20

Answer Stats

Hint Answer % Correct
Official languages of VanuatuEnglish
99%
The last recorded practice of this scary "ism" took place in 1969{Cannibal}ism
84%
French overseas territory located just southwest of VanuatuNew {Caledonia}
84%
British sea captain who gave Vanuatu that nameJames Cook
84%
Oceanian sub-division in which Vanuatu is located{Mela}nesia
83%
Official languages of VanuatuFrench
82%
Capital of VanuatuPort Vila
70%
Sea located between Vanuatu and AustraliaCoral Sea
62%
What Vanuatu sells for $150,000, one of the least expensive prices worldwide{Citizen}ship
59%
Modern-day activity similar to traditional Vanuatu "land diving"{Bungee} Jumping
58%
Largest island of Vanuatu
(shares its name with a Brazilian state)
Espiritu {Santo}
57%
British royal, born 1921, who is worshiped as a divine being by the Kastom peoplePrince Philip
57%
Food product that accounts for 71% of exportsFish
53%
Former name of Vanuatu before it gained its independence in 1980New {Hebrides}
43%
Term for a group of people who built airplane runways in hopes that supply-laden
airplanes will land on them (as happened on Vanuatu during WWII)
{Cargo} Cult
42%
Vanuatu has 113 of these, the highest per-capita of any countryIndigenous languages
39%
Currency of VanuatuVatu
33%
Official languages of VanuatuBislama
32%
Plant whose roots are prepared into a beverage with sedative properties (starts with K)Kava
29%
Vanuatu's second most populous city and that island's main city{Lugan}ville
27%

Score Distribution

Percentile by Number Answered

Percent of People with Each Score

Your Score History

You have not taken this quiz since the last reset